| 000 | 00635nam a2200229Ia 4500 | ||
|---|---|---|---|
| 005 | 20250108125140.0 | ||
| 008 | 008 250107s9999 xx 000 0 eng d | ||
| 020 | _a978-0-67-008176-3 | ||
| 037 | _aTB | ||
| 040 |
_aCRL _beng _cCRL |
||
| 041 |
_aeng _2eng |
||
| 084 | _aX.2'C R3 | ||
| 084 | _qCRL | ||
| 100 |
_aRathnam Kaushalya Au. _9730477 |
||
| 245 | 0 |
_aEverything in radio: broadcasting to the masses _cRathnam Kaushalya Au. |
|
| 260 |
_aDelhi, India _bAakar Books _c3469 |
||
| 300 | _a296p. | ||
| 365 |
_aINR _b2500 |
||
| 650 |
_aJOURNALISMRADIO _9730478 |
||
| 942 |
_cTB _hX.2'C R3 |
||
| 999 |
_c1235857 _d1235857 |
||